000 02669nam a2200205Ia 4500
003 Ost
005 20260507075002.0
008 260507s9999||||xx |||||||||||||| ||und||
020 _a9957292207
040 _cfsecg
041 _aara
100 _aباموك، شوكت
_eمؤلف
245 0 _aالتاريخ المالي للدولة العثمانية /
_c شوكت باموك
260 _aطرابلس:
_bدار اويا للطباعة,
_c2005
300 _a504 صفحة؛
_bإيضاحات ؛
_c24 سم
520 _aمع بزوغ فجر الرأسمالية، كانت الدولة العثمانية تقف على مفترق طرق التجارة العالمية. وكان النقد بالنسبة الى العثمانيين رمزاً أساسياً للسيادة، وكان الوسيلة الرئيسة للتبادل. يتناول الكتاب التاريخ المالي لهذه الدولة، منذ قيامها في القرن الرابع عشر حتى نهاية الحرب العالمية الأولى، ويُظهر ومن خلال دراسة مفصلة للعملات المتداولة والمؤسسات المالية لامبراطورية امتدت من البلقان الى الأناضول، شاملة سورية ومصر والخليج والمغرب، تعقدات الإجراءات المالية، وتطوراتها، ومدى استجابتها للتطورات الداخلية والقوى الاقتصادية العالمية. تمت دراسة اسباب تدني قيمة العملات والتضخم المالي وما تبعها من معارضة شعبية في نطاق سياسي اقتصادي. ويقدم الكتاب ايضاً رؤية قيّمة في التاريخ الاجتماعي والاقتصادي وتطور المؤسسات العثمانية. أما المؤلف فهو واحد من اهم مؤرخي الاقتصاد البارزين في هذا المجال، وهو استاذ الاقتصاد والتاريخ الاقتصادي في جامعة بوغازيتشي. ونال الكتاب 3 جوائز عالمية: 1999 جائزة جمعية الصحافيين الأتراك. 2001 جائزة الجمعية البريطانية لدراسات الشرق الأوسط. 2002 جائزة جمعية الدراسات التركية. ونال المؤلف ايضاً جائزة اتحاد المؤرخين الاقتصاديين الأميركيين سنة 2002 عن افضل مقالة نشرت في مجلة "التاريخ الاقتصادي"خلال 2001 - 2002
653 _aالدولة العثمانية
653 _aالعالم الاسلامي -اقتصاد
942 _cكتاب
999 _c42079
_d42079